=LDR 00000nam 2200000 4500 =001 INLIS000000000033015 =005 20130612135008 =008 ***********************************ind** =035 ##$$0010-061300000033015 =041 ##$$a ind =082 ##$$a 658.81 =090 ##$$a 658.81, Dar i =100 ##$$a Darmadi, Bambang =245 ##$$a Intan marketing Resep Super Jadi Marketing Hebat, Bambang Darmadi =260 ##$$a 2010 $b Yogyakarta =300 ##$$a vi,126 hlm, 19 cm =650 ##$$a Manajemen Pemasaran =850 ##$$a NBPNMAT